000 01670nas a2200277Ia 4500
001 R050-S1598
003 IT-CnALBA
008 170116c99999999xx |||||||||||| ||und||
040 _aIT-CnALBA
_cIT-CnALBA
041 _aITALIANO
100 _aPIO XII, PAPA PACELLI EUGENIO.
210 _aLA CIVILTÀ CATTOLICA
222 _aLA CIVILTÀ CATTOLICA
245 0 _aLA CIVILTÀ CATTOLICA. ANNO XCII. VOL. 1. 1941.
_bRIVISTA CULTURALE
250 _a1a ed.
260 _a ROMA
_bLA CIVILTÀ CATTOLICA EDIZIONI
_c1941 [1° Ed.:1941 - Ed.Ling.Originale: 1941]
300 _a488 p.
310 _aQUINDICINALE
362 _aFascicolo: 1 / Anno: 92 (1941)
500 _aALLOCUZIONE DEL S. PADRE AI CARDINALI E PRELATURA ROMANA. ASSISTENZA SPIRITUALE ALLE FORZE ARMATE IN ITALIA. LA FAMIGLIA CRISTIANA, BRUCCULERI A. ORIO VERGANI, MONDRONE D. NELLA COSCIENZA DI CARABELLESE. R. LOMBARDI. I GIOVANI E LA CULTURA RELIGIOSA, ODDONE A. LE RAPPRESAGLIE NELLE DOTTRINE DEGLI ANTICHI, MESSINEO A. CONFERENZA E LIBRO SULL'EDUCAZIONE COMUNISTA. RAPPRESAGLIE IN TEMPO DI PACE.
501 _aSocietà San Paolo EM - Piazza San Paolo, 14 - 12051 ALBA (CN) (non commercial uses only) ® Copyright 2017
520 _aALLOCUZIONE DEL S. PADRE AI CARDINALI E PRELATURA ROMANA. ASSISTENZA SPIRITUALE ALLE FORZE ARMATE IN ITALIA. LA FAMIGLIA CRISTIANA, BRUCCULERI A. ORIO VERGANI, MONDRONE D. NELLA COSCIENZA DI CARABELLESE. R. LOMBARDI. I GIOVANI E LA CULTURA RELIGIOSA, ODDONE A. LE RAPPRESAGLIE NELLE DOTTRINE DEGLI ANTICHI, MESSINEO A. CONFERENZA E LIBRO SULL'EDUCAZIONE COMUNISTA. RAPPRESAGLIE IN TEMPO DI PACE.
650 _aRIVISTA CULTURALE
942 _cCR
957 _71
999 _a63497
_bSI
_g1
_c330197
_d330197